<?xml version="1.0" encoding="UTF-8"?>
<record
    xmlns:xsi="http://www.w3.org/2001/XMLSchema-instance"
    xsi:schemaLocation="http://www.loc.gov/MARC21/slim http://www.loc.gov/standards/marcxml/schema/MARC21slim.xsd"
    xmlns="http://www.loc.gov/MARC21/slim">

  <leader>00644    a2200217   4500</leader>
  <controlfield tag="003">UA-OsUOA</controlfield>
  <controlfield tag="005">20260501121539.0</controlfield>
  <controlfield tag="008">260501b        un ||||| |||| 00| 0 ukr d</controlfield>
  <datafield tag="040" ind1=" " ind2=" ">
    <subfield code="a">UA-OsUOA</subfield>
    <subfield code="b">rus</subfield>
    <subfield code="c">UA-OsUOA</subfield>
    <subfield code="d">UA-OsUOA</subfield>
  </datafield>
  <datafield tag="041" ind1=" " ind2=" ">
    <subfield code="a">rus</subfield>
  </datafield>
  <datafield tag="080" ind1=" " ind2=" ">
    <subfield code="a">82-31</subfield>
  </datafield>
  <datafield tag="090" ind1=" " ind2=" ">
    <subfield code="a">82-31</subfield>
    <subfield code="b">&#x41F;19</subfield>
  </datafield>
  <datafield tag="100" ind1=" " ind2=" ">
    <subfield code="a">&#x41F;&#x430;&#x441;&#x442;&#x435;&#x440;&#x43D;&#x430;&#x43A; &#x411;. </subfield>
    <subfield code="9">24916</subfield>
  </datafield>
  <datafield tag="245" ind1=" " ind2=" ">
    <subfield code="a">&#x414;&#x43E;&#x43A;&#x442;&#x43E;&#x440; &#x416;&#x438;&#x432;&#x430;&#x433;&#x43E;</subfield>
  </datafield>
  <datafield tag="260" ind1=" " ind2=" ">
    <subfield code="b">The University of Michigan Press</subfield>
    <subfield code="c">1959</subfield>
    <subfield code="a">Ann Arbor</subfield>
  </datafield>
  <datafield tag="300" ind1=" " ind2=" ">
    <subfield code="a">567 c.</subfield>
  </datafield>
  <datafield tag="650" ind1=" " ind2=" ">
    <subfield code="2">UDC</subfield>
    <subfield code="a">82-31 &#x420;&#x43E;&#x43C;&#x430;&#x43D;&#x438;. &#x41F;&#x43E;&#x432;&#x456;&#x441;&#x442;&#x456;</subfield>
    <subfield code="9">5</subfield>
  </datafield>
  <datafield tag="942" ind1=" " ind2=" ">
    <subfield code="c">BK</subfield>
    <subfield code="2">udc</subfield>
  </datafield>
  <datafield tag="955" ind1=" " ind2=" ">
    <subfield code="a">3</subfield>
  </datafield>
  <datafield tag="999" ind1=" " ind2=" ">
    <subfield code="c">580633</subfield>
    <subfield code="d">580633</subfield>
  </datafield>
  <datafield tag="952" ind1=" " ind2=" ">
    <subfield code="0">0</subfield>
    <subfield code="1">0</subfield>
    <subfield code="2">udc</subfield>
    <subfield code="4">0</subfield>
    <subfield code="7">0</subfield>
    <subfield code="8">C_SOKOLYK_BRYZHUN</subfield>
    <subfield code="a">300</subfield>
    <subfield code="b">300</subfield>
    <subfield code="d">2026-05-01</subfield>
    <subfield code="e">&#x2116;12/29.04.2026 (&#x406;&#x414;&#x423;&#x414;)</subfield>
    <subfield code="g">1.00</subfield>
    <subfield code="i">300596</subfield>
    <subfield code="l">0</subfield>
    <subfield code="o">82-31 &#x41F;19</subfield>
    <subfield code="p">300596</subfield>
    <subfield code="r">2026-05-01 12:17:00</subfield>
    <subfield code="v">1.00</subfield>
    <subfield code="w">2026-05-01</subfield>
    <subfield code="y">BK</subfield>
    <subfield code="z">&#x41E;&#x442;&#x440;&#x438;&#x43C;&#x430;&#x43D;&#x43E; &#x432; &#x434;&#x430;&#x440; &#x432;&#x456;&#x434; &#x41E;&#x43A;&#x441;&#x430;&#x43D;&#x438; &#x411;&#x440;&#x438;&#x437;&#x433;&#x443;&#x43D;-&#x421;&#x43E;&#x43A;&#x43E;&#x43B;&#x438;&#x43A; ; &#x43C;&#x456;&#x441;&#x442;&#x438;&#x442;&#x44C; &#x435;&#x43A;&#x441;&#x43B;&#x456;&#x431;&#x440;&#x456;&#x441; &#x41E;&#x43A;&#x441;&#x430;&#x43D;&#x438; &#x411;&#x440;&#x438;&#x437;&#x433;&#x443;&#x43D; &#x456; &#x42F;&#x440;&#x43E;&#x441;&#x43B;&#x430;&#x432;&#x430; &#x421;&#x43E;&#x43A;&#x43E;&#x43B;&#x438;&#x43A;&#x456;&#x432; </subfield>
  </datafield>
</record>
